| 000 | 00496nam a2200181Ia 4500 | ||
|---|---|---|---|
| 003 | GCL | ||
| 008 | 140319s9999 xx 000 0 eng d | ||
| 040 |
_aGCL / _cGCL |
||
| 082 | 0 | 4 |
_a621.8 _bB T |
| 100 | 1 | _aBEVAN, THOMAS | |
| 245 | 1 | 0 |
_aTHE THEORY OF MACHINES: A TEXT BOOK FOR ENGINEERING STUDENTS / _cBEVAN, THOMAS |
| 260 |
_a[S.N] : _bLONGMANS, GREEN AND CO LTD ، _c1959 |
||
| 300 | _a621 P | ||
| 650 | 0 | 4 | _aMACHINE - DESIGN |
| 650 | 0 | 4 | _aMACHINERY |
| 650 | 0 | 4 | _aMACHINE |
| 942 |
_2ddc _cBK |
||
| 999 |
_c14454 _d14454 |
||